İstanbul Yolcusu Kalmasın (Record no. 1319)

000 -LEADER
fixed length control field 00441nam a22001697a 4500
008 - FIXED-LENGTH DATA ELEMENTS--GENERAL INFORMATION
fixed length control field 171004b xxu||||| |||| 00| p tur d
020 ## - INTERNATIONAL STANDARD BOOK NUMBER
International Standard Book Number 9759056216
041 ## - LANGUAGE CODE
Language code of text/sound track or separate title Türkçe
100 ## - MAIN ENTRY--PERSONAL NAME
9 (RLIN) 256
Personal name Yavuz Özdem
245 ## - TITLE STATEMENT
Title İstanbul Yolcusu Kalmasın
250 ## - EDITION STATEMENT
Edition statement 1. Basım
260 ## - PUBLICATION, DISTRIBUTION, ETC.
Place of publication, distribution, etc. İstanbul
Name of publisher, distributor, etc. Diagraf Yayıncılık
Date of publication, distribution, etc. Eylül 2006
300 ## - PHYSICAL DESCRIPTION
Extent 78 Sayfa
500 ## - GENERAL NOTE
General note Şiir-Antoloji: 13
650 #0 - SUBJECT ADDED ENTRY--TOPICAL TERM
9 (RLIN) 145
Topical term or geographic name entry element Türk Edebiyatı
942 ## - ADDED ENTRY ELEMENTS (KOHA)
Source of classification or shelving scheme
Koha item type Books
Holdings
Withdrawn status Lost status Source of classification or shelving scheme Damaged status Not for loan Permanent Location Current Location Shelving location Date acquired Barcode Date last seen Price effective from Koha item type
        Ödünç verilemez İmren Ahmet Tüzün Kütüphanesi İmren Ahmet Tüzün Kütüphanesi Ahmet Tüzün 2017-10-04 100100001297 2017-10-04 2017-10-04 Books

This software was implemented, installed and managed by Devinim Software Training Consulting .